000 00588nam a2200169Ia 4500
003 IN-BaIIA
008 211028s9999 xx s 000 0 eng d
020 _a9780892528653 (Print)
040 _cIIA Library
100 _aBowyer, Stuart, ed.
_917073
245 0 _aGrazing Incidence Optics for Astronomical and Laboratory Applications
_h[eBook]
260 _aWashington, USA
_bSPIE
_c1988
300 _aOnline resource
490 _aProceedings of SPIE; V. 0830
856 _uhttps://www.spiedigitallibrary.org/conference-proceedings-of-spie/0830
_yClick Here to Access eBook
942 _cEB
999 _c25694
_d25694